000 00769 a2200205 4500
010 _aENG-89309
020 _a8176257001
_c450.00
035 _aEN-72842
037 _bDBAD / PUB
082 1 4 _a303.64095454
090 _c10742
_d10742
100 1 _aDash, Satya Prakash
245 1 _aNaxal movement and state power:
_b(with special reference of Orissa)/
_cby Satya Prakash Dash
260 _aNew Delhi
_bSarup & Sons
_c2006
270 _a4740/23, Ansari Road, Darya Ganj
_bNew Delhi
_cDelhi
_e110002
_k2328129
_l23277098
_msarupandsonsin@hotmail.com
300 _avii, 152 p.
_c22 cm ( Hb.)
500 _aIncludes index
942 _adpl
_cEN
_k303.64095454 / DAS
999 _c10446
_d10446